1760 1125 1390 1212 1760 1194 1224 1336 1223 1436 1181 1957 1716 1350 1257 1673 1996 1452 1258 1461 1483 1666 1714 1211 1118 1524 1719 1090 1446 1092 1200 1720 1564 1581 1836 1841 1697 1025 1509 1347 1885 1928 1351 1037 1458 1499 1895 1854 1390 1281 1477 1545 1629 1583 1808 1766 1801 1295 1711 1949 1463 1827 1667 1818 1115 1282 1220 1766 1398 1987 1279 1898 1446 1232 1526 1325 1630 1347 1832 1353 1263 1540 1463 1333 1655 1066 1072 1013 1156 1675 1427 1672 1150 1353 1183 1931 1343 1931 1776 BCNSPRNW ULIB Ver.6.0+V

เปลี่ยนเป็นภาษาไทย

Change to English
 แสดงรายละเอียดบรรณานุกรม
  กลับหน้าหลัก

Brief Record : Get Marc (ISO 2709) : E-mail record : QR code < ปิดหน้าต่าง
LEADER : 00000nam 2200000uu 4500
001    13399114382
003     ULIB
008    120327s2552||||th 000 0 tha d
020    ^a9786160600199
090    ^aนว.^bช742D 2552
100 0  ^aเชิงอรรถ
245 00 ^aThe Dragon Garrett ผู้พิทักษ์มังกร/^cเชิงอรรถ
250    ^aพิมพ์ครั้งที่ 2
260    ^aกรุงเทพฯ :^bแจ่มใส,^c2552
300    ^a377 หน้า
710 1  ^aแจ่มใส
945    ^p239^l0^i16421
995    ^aกัณชพร
999    ^aใช้งานได้ทุกระบบ
รายการนี้ยังไม่มีแท็ก
คุณยังไม่ได้ล็อกอิน คุณสามารถมีกิจกรรมร่วมกับเว็บไซต์ได้ แต่ต้องล็อกอินก่อน ::
  ล็อกอิน

รายการสื่อสารสนเทศ

ลำดับที่ ประเภท เลขเรียก/บาร์โค้ด สถานที่ สถานะ
1. นวนิยาย
นวนิยาย
นว. ช742D 2552  
  Barcode: 16421
ห้องสมุดวิทยาเขตสวรรค์ประชารักษ์
►นวนิยาย
บนชั้น
  ขอยืม

รายการใกล้เคียง
    ผู้แต่ง [เชิงอรรถ]

BibComment


ยังไม่เคยถูกคอมเมนท์

คอมเมนท์ทรัพยากรรายการนี้
  คอมเมนท์: The Dragon Garre..


 Copyright 2026. Bcnsprnw @Library